Quantitative approaches in business studies (Record no. 103594)
[ view plain ]
| 000 -LEADER | |
|---|---|
| fixed length control field | 01351cam a2200265 4500 |
| 008 - FIXED-LENGTH DATA ELEMENTS--GENERAL INFORMATION | |
| fixed length control field | 040524n2003 000 0 eng u |
| 020 ## - INTERNATIONAL STANDARD BOOK NUMBER | |
| International Standard Book Number | 0273657593 |
| 035 ## - SYSTEM CONTROL NUMBER | |
| System control number | (Sirsi) u126274 |
| 041 ## - LANGUAGE CODE | |
| Language code of text/sound track or separate title | eng |
| 050 ## - LIBRARY OF CONGRESS CALL NUMBER | |
| Classification number | 650.0151 |
| -- | 22 |
| 100 ## - MAIN ENTRY--PERSONAL NAME | |
| Personal name | Morris, Clare |
| 245 ## - TITLE STATEMENT | |
| Title | Quantitative approaches in business studies |
| 250 ## - EDITION STATEMENT | |
| Edition statement | 6th ed. |
| 260 ## - PUBLICATION, DISTRIBUTION, ETC. | |
| Place of publication, distribution, etc. | Harlow |
| Name of publisher, distributor, etc. | FT Prentice Hall |
| Date of publication, distribution, etc. | 2003 |
| 300 ## - PHYSICAL DESCRIPTION | |
| Extent | xix, 512p. |
| Dimensions | 25cm. |
| 350 ## - PRICE (NR) (BK AM CF MU VM SE) [OBSOLETE] | |
| Price | 33.99 |
| 520 ## - SUMMARY, ETC. | |
| Summary, etc. | Aimed primarily at students, this text examines the effective use of mathematical and statistical techniques in a business context. Part one looks at the required mathematical methods and available software resources. Part two covers data collection, interpretation, presentation and summary. Part three examines drawing conclusions from statistical information, with a discussion of probability theory. Part four considers numbers as a tool of planning. A companion website providing supplementary study material is available at www.booksites.net/morris. Appendices. |
| 650 ## - SUBJECT ADDED ENTRY--TOPICAL TERM | |
| Topical term or geographic name entry element | STATISTICS |
| 650 ## - SUBJECT ADDED ENTRY--TOPICAL TERM | |
| Topical term or geographic name entry element | STATISTICAL TECHNIQUES |
| 650 ## - SUBJECT ADDED ENTRY--TOPICAL TERM | |
| Topical term or geographic name entry element | BUSINESS STUDIES |
| 650 ## - SUBJECT ADDED ENTRY--TOPICAL TERM | |
| Topical term or geographic name entry element | MATHEMATICS |
| 690 ## - LOCAL SUBJECT ADDED ENTRY--TOPICAL TERM (OCLC, RLIN) | |
| Topical term or geographic name as entry element | MANAGEMENT-BUSINESS MANAGEMENT |
| 856 ## - ELECTRONIC LOCATION AND ACCESS | |
| Uniform Resource Identifier | <a href="https://wps.pearsoned.co.uk/ema_uk_he_morris_quantapp_7/">https://wps.pearsoned.co.uk/ema_uk_he_morris_quantapp_7/</a> |
| Public note | View the supplementary study material on the companion website... |
| 942 ## - ADDED ENTRY ELEMENTS (KOHA) | |
| Suppress in OPAC | 0 |
| Withdrawn status | Lost status | Source of classification or shelving scheme | Damaged status | Not for loan | Home library | Current library | Shelving location | Date acquired | Cost, normal purchase price | Total Checkouts | Full call number | Barcode | Date last seen | Date last checked out | Copy number | Cost, replacement price | Price effective from | Koha item type |
|---|---|---|---|---|---|---|---|---|---|---|---|---|---|---|---|---|---|---|
| Dewey Decimal Classification | London | London | Books | 10/06/2004 | 33.99 | 7 | 650.0151 MOR | 30069331 | 06/08/2019 | 27/03/2009 | 1 | 33.99 | 06/08/2019 | Book |